IHF Women Handball World Cup Top 4 Positions - Statistics

General Stats
  • This quiz has been taken 101 times
  • The average score is 19 of 21
Answer Stats
Answer % Correct
Norway
99%
Denmark
98%
France
98%
Sweden
98%
West Germany
98%
Russia
96%
Spain
96%
Germany
95%
Hungary
95%
Soviet Union
94%
Netherlands
92%
Serbia
92%
Yugoslavia
91%
Romania
89%
South Korea
88%
East Germany
85%
Brazil
84%
Poland
84%
Austria
76%
Czechoslovakia
76%
Ukraine
73%
No matching quizzes found
Score Distribution
Percent of People with Each Score
Percentile by Number Answered
Your Score History
You have not taken this quiz